| 000 | 00760nam a22002417a 4500 | ||
|---|---|---|---|
| 001 | 71249 | ||
| 003 | BD-RjUL | ||
| 005 | 20211209082107.0 | ||
| 008 | 170430s2001 bg abo|| ||||o000 0 eng d | ||
| 035 | _a(BD-RjUL)71464 | ||
| 040 |
_aBD-RjUL _beng _cBD-RjUL |
||
| 041 | _aeng | ||
| 082 |
_223 _a328.5492 _bHAP 2001 |
||
| 100 |
_aHashem, Abul _9210805 |
||
| 245 | 1 | 4 |
_aThe parliament secretariat : _bPublic Administration At the service of the house / _cAbul Hashem |
| 250 | _a1st ed. | ||
| 260 |
_aDhaka : _bBangladesh institute of parliamentary studies, _c 2001 |
||
| 300 |
_aiii, 114 p. : _bill. ; _c22cm. |
||
| 490 |
_aBIPS Monograph ; _vNo. 9 |
||
| 650 |
_aParliament _zBangladesh _9210829 |
||
| 830 |
_aBIPS Monograph ; _vNo. 9 _9212301 |
||
| 942 |
_2ddc _cBK |
||
| 999 |
_c71249 _d71249 |
||